000 00297nam a22001097a 4500
008 230621b xxu||||| |||| 00| 0 eng d
082 _a328.3
_bIPU 2010
245 _a122nd IPU Assembly and Related Meetings
260 _aThailand
_bInter-Parliamentary Union
_c2010
300 _a122p
942 _2ddc
_cBK
999 _c2209
_d2209